New managers : mastering the big 3 principles of effective management-leadership, communication, and teambuilding / Paul Falcone. (Record no. 22348)

000 -LEADER
fixed length control field 00796nam a22001697a 4500
020 ## - INTERNATIONAL STANDARD BOOK NUMBER
ISBN 9781400230150
082 ## - DEWEY DECIMAL CLASSIFICATION NUMBER
Classification number 658.4
Item number F182 2022
100 ## - MAIN ENTRY--AUTHOR NAME
Personal name Falcone, Paul, author.
245 ## - TITLE STATEMENT
Title New managers : mastering the big 3 principles of effective management-leadership, communication, and teambuilding / Paul Falcone.
260 ## - PUBLICATION, DISTRIBUTION, ETC. (IMPRINT)
Place of publication Nashville :
Name of publisher HarperCollins Leadership,
Year of publication c2022.
300 ## - PHYSICAL DESCRIPTION
Number of Pages 1 online resource, (unpaged) :
Other physical details illustrations.
490 ## - SERIES STATEMENT
Series statement The Paul Falcone workplace leadership series ; v. 5
500 ## - GENERAL NOTE
General note Includes index.
520 ## - SUMMARY, ETC.
Summary, etc "An accessible and practical playbook by leading HR expert Paul Falcone to cultivate your most vital resource: having the right people working hard for you"-- Provided by publisher.
650 ## - SUBJECT ADDED ENTRY--TOPICAL TERM
Topical Term New Managers -- Management.
942 ## - ADDED ENTRY ELEMENTS (KOHA)
Koha item type Electronic Books
Holdings
Source of acquisition Permanent Location Date acquired Collection code Koha item type Lost status Shelving location Withdrawn status Current Location Full call number
DonationCagayan State University - Carig Library2026-04-14E-BooksElectronic Books E-Resource Section Cagayan State University - Carig Library658.4 F182 2022

Cagayan State University University Library, Carig Campus
Tuguegarao City, Cagayan 3500 | www.csucarig.edu.ph

Powered by Koha